Wellington v. Secretary of State for Transport (Record no. 78423)
[ view plain ]
| 000 -LEADER | |
|---|---|
| fixed length control field | 01592cab a2200181 4500 |
| 001 - CONTROL NUMBER | |
| control field | L136734 |
| 008 - FIXED-LENGTH DATA ELEMENTS--GENERAL INFORMATION | |
| fixed length control field | 070220n2005 000 0 eng u |
| 035 ## - SYSTEM CONTROL NUMBER | |
| System control number | (Sirsi) u136734 |
| 041 0# - LANGUAGE CODE | |
| Language code of text/sound track or separate title | eng |
| 245 00 - TITLE STATEMENT | |
| Title | Wellington v. Secretary of State for Transport |
| Medium | [electronic resource] |
| 260 ## - PUBLICATION, DISTRIBUTION, ETC. | |
| Date of publication, distribution, etc. | 2005 |
| 520 ## - SUMMARY, ETC. | |
| Summary, etc. | [2005] EWLands ACQ/42/2004, 28 September 2005. The claimant in this case was the owner of a plot of woodland, part of which was compulsorily purchased by the Secretary of State for Transport in order to widen the A229 near Chatham in Kent. The claimant argued that he was entitled to at least £10 000, claiming that this figure reflected the loss of hope value of the land and injurious affection of the retained land due to such issues as noise and smell. "Held": it was decided that the land, being within an area of Outstanding Natural Beauty of Special Landscape, and being woodland, really had no development value as such. The issues of injurious affection were also considered irrelevant to a piece of land with the sole purpose of being woodland. The judge considered compensation values based on the amounts given for two other settlements and decided on a figure of £5000 plus £1000 for the claimant's time plus reasonable surveyors fees. |
| 650 24 - SUBJECT ADDED ENTRY--TOPICAL TERM | |
| Topical term or geographic name entry element | WELLINGTON V SOS TRANSPORT |
| 651 #4 - SUBJECT ADDED ENTRY--GEOGRAPHIC NAME | |
| Geographic name | England |
| Chronological subdivision | 886- |
| 690 ## - LOCAL SUBJECT ADDED ENTRY--TOPICAL TERM (OCLC, RLIN) | |
| Topical term or geographic name as entry element | ENVIRONMENTAL AND LAND CONSULTANCY-PLANNING AND DEVELOPMENT-COMPULSORY PURCHASE AND COMPENSATION |
| 856 40 - ELECTRONIC LOCATION AND ACCESS | |
| Uniform Resource Identifier | <a href="https://www.bailii.org/ew/cases/EWLands/2005/ACQ_42_2004.html">https://www.bailii.org/ew/cases/EWLands/2005/ACQ_42_2004.html</a> |
| Public note | View the decision free of charge at www.bailii.org... |
| 942 ## - ADDED ENTRY ELEMENTS (KOHA) | |
| Suppress in OPAC | 0 |
| Withdrawn status | Lost status | Source of classification or shelving scheme | Damaged status | Not for loan | Home library | Current library | Shelving location | Date acquired | Total Checkouts | Full call number | Barcode | Date last seen | Copy number | Price effective from | Koha item type |
|---|---|---|---|---|---|---|---|---|---|---|---|---|---|---|---|
| Dewey Decimal Classification | Virtual | Virtual | Online | 20/02/2007 | ONLINE PUBLICATION | 136734-1001 | 06/08/2019 | 1 | 06/08/2019 | Journal article |